Jugadores de la Liga 2025-26 - Estadísticas

Estadísticas generales
  • Esta prueba ha sido intentada 58 veces
  • La puntuación promedio es 15 de 20
Estadísticas de respuestas
Imagen Respuesta % Correcto
Thibaut Courtois
100%
Iñaki Peña
96%
Borja Mayoral
94%
Gerard Martín
92%
Nahuel Molina
92%
Oihan Sancet
92%
Aimar Oroz
90%
Ferrán Jutglà
85%
Julen Agirrezabala
83%
Mathew Ryan
83%
Antonio Raíllo
77%
Roberto
77%
Álex Moreno
73%
Pau López
71%
Mateo Joseph
67%
Pablo Durán
56%
Abel Bretones
54%
Javi Muñoz
54%
Ilyas Chaira
52%
Clemens Riedel
38%
No se encontraron pruebas coincidentes
Distribución de puntuación
Porcentaje de gente con cada puntuación
Porcentaje por número respondido
Historial de tus puntuaciones
No has intentado esta prueba.